Egyptian Hieroglyphics - Statistics

General Stats
  • This quiz has been taken 63 times
  • The average score is 48 of 100
Answer Stats
Hint Answer % Correct
๐“น Eye
98%
๐“ƒฐ Elephant
93%
๐“† Frog
93%
๐“ƒฑ Giraffe
91%
๐“‚พ Leg
91%
๐“‡ผ Star
91%
๐“ƒ  Cat
88%
๐“†Ÿ Fish
88%
๐“ƒŸ Pig
88%
๐“ƒก Dog
86%
๐“ˆ Go
86%
๐“†š Snake
86%
๐“†‰ Turtle
86%
๐“Œ• Arrow
84%
๐“Œ Axe
84%
๐“†ค Bee
84%
๐“†ฆ Fly
84%
๐“‚ฉ Hand
84%
๐“ƒ— Horse
84%
๐“‚ˆ Ear
81%
๐“ƒฌ Lion
81%
๐“‚ Arm
79%
๐“†Š Crocodile
79%
๐“€€ Man
77%
๐“†ฃ Beetle
74%
๐“€ฟ Death
74%
๐“ƒธ Monkey
74%
๐“Š Stairs
74%
๐“ถ Head
72%
๐“‡น Moon
72%
๐“ˆ— Water
72%
๐“ Woman
72%
๐“€ค Dance
70%
๐“ƒฏ Hippo
67%
๐“ข Harp
65%
๐“‡ณ Sun
65%
๐“†ง Locust
58%
๐“‚Š Nose
58%
๐“ Scale
58%
๐“…„ Falcon
53%
๐“‚‹ Mouth
53%
๐“ƒˆ Write
53%
๐“‰ House
51%
๐“Žบ Cup
49%
๐“ƒฒ Gazelle
49%
๐“Œช Knife
44%
๐“Žป Pot
44%
๐“‹ธ Sandal
44%
๐“Šฎ Fire
42%
๐“Šน God
42%
๐“‹น Life
42%
๐“‰ด Pyramid
42%
๐“Œ Chariot
40%
๐“„ฃ Heart
40%
๐“…ž Ibis
40%
๐“‚– Priest
35%
๐“†ญ Tree
35%
๐“€” Child
33%
๐“ˆ‹ Mountain
33%
๐“ Bread
30%
๐“ˆŽ Hill
30%
๐“†ธ Lotus
30%
๐“ˆ Milk
30%
๐“‡ฏ Sky
30%
๐“€‹ Work
30%
๐“Šฉ Chair
26%
๐“‹ณ Clothes
26%
๐“ฟ Crying
26%
๐“‹ž Gold
26%
๐“Šค Oar
26%
๐“‘ Pregnant
26%
๐“‹ช Ring
26%
๐“ˆ„ Riverbank
23%
๐“€จ Build
21%
๐“‰ฟ Door
21%
๐“‹ East
21%
๐“‚ž Give
21%
๐“‡ฟ Land
21%
๐“› Papyrus roll
21%
๐“†ซ Scorpion
21%
๐“Š› Ship
21%
๐“‹€ West
21%
๐“„จ Back
19%
๐“ŽŸ Basket
19%
๐“Šญ Coffin
19%
๐“‰ช Gate
19%
๐“ˆ’ Grain
19%
๐“‹˜ North
19%
๐“‹  Silver
19%
๐“‡” South
19%
๐“Š– Town
19%
๐“Žฏ Oil
16%
๐“‹™ Helmet
14%
๐“ˆ™ Lake
14%
๐“‡ญ Wine
14%
๐“ˆ‘ Clay
12%
๐“€ Friend
12%
๐“†ด Year
12%
๐“† Speak
9%
๐“€ธ Shepard
5%
No matching quizzes found
Score Distribution
Percent of People with Each Score
Percentile by Number Answered
Your Score History
You have not taken this quiz